Tři zlaté vlasy děda Vševěda /

Hlavní autor: Erben, Karel Jaromír, 1811-1870
Další autoři: Karel, Václav, 1902-1969
Jazyk: Čeština
Vydáno: Praha : Státní nakladatelství dětské knihy, 1958
Vydání: 1. vyd.
Edice: Korálky (Státní nakladatelství dětské knihy)
Externí odkaz: Digitalizovaný dokument
Fyzický popis: 15 s. : il.
Knihy
Uloženo v:
LEADER 01290nam a2200301 a 4500
001 000682791
003 CZ BrMZK
005 20141211145641.0
007 ta
008 030820s1958 xr a f cze d
015 |a cnb000682735 
035 |a (OCoLC)85460133 
040 |a BOA001  |b cze  |c BOA001 
100 1 |a Erben, Karel Jaromír,  |d 1811-1870  |7 jk01030532  |4 aut 
245 1 0 |a Tři zlaté vlasy děda Vševěda /  |c Karel Jaromír Erben ; ilustroval Václav Karel ; text k vydání připravila F. Havlová 
250 |a 1. vyd. 
260 |a Praha :  |b Státní nakladatelství dětské knihy,  |c 1958 
300 |a 15 s. :  |b il. 
490 1 |a Korálky ;  |v sv. 5 
521 8 |a Pro čtenáře od 6 let 
500 |a Dostupné též v digitální podobě v aplikaci Kramerius 
700 1 |a Karel, Václav,  |d 1902-1969  |7 jk01053009  |4 ill 
830 0 |a Korálky (Státní nakladatelství dětské knihy)  |0 s 
856 4 1 |u http://www.digitalniknihovna.cz/mzk/uuid/uuid:c8738fb0-85cc-11e9-852b-005056827e51  |y Digitalizovaný dokument  |x NDK 
910 |a BOA001  |b PK-0019.483  |b 2-0405.265 
990 |a BK 
996 6 |b 2619126074  |c 2-0405.265  |l MZK  |r Sklad / do 24 hodin  |n 0  |w 000682791  |u 000020  |a 1  |e BOA001  |j MZK50  |s P 
996 6 |b BC-103928  |c PK-0019.483  |l MZK  |r Sklad / do 1 hodiny  |n 0  |w 000682791  |u 000010  |a 1  |e BOA001  |j MZK50  |s P